000 00987cab a2200253 4500
001 WB3509-03
008 090401t1999 xxu||||| |||| 00| 0 eng d
035 _a(Sirsi) u91715
041 _aeng
245 _aVoluntary codes to reduce art crime
260 _c1999
350 _a0
490 _aTimes
_v3 March 1999, 8
490 _aAntiques Trade Gazette
_v(1378) 6 March 1999, 1&52(2)
520 _aThe Council for the Prevention of Art Theft with the support of the Home Office, art trade, and the police has developed voluntary codes of `due diligence` to reduce the illegal trade in art and antiques. Copy of the Council for Prevention of Art Theft (CoPat)`s code together with list of regional liason officers.
650 _aArts and antiques
_96217
650 _aCODES OF PRACTICE
650 _aCOUNCIL FOR THE PREVENTION OF ART THEFT
650 _aDUE DILIGENCE
650 _aWORKS OF ART
690 _aArts and antiques
_96217
942 _n0
948 _c03/03/1999
999 _c58213
_d58213